00350 a2200121 450000100060000004000240000624000160003024500140004665000430006094200070010395201010011099900170021168569 cAnchieta - Itaigara10aPeter Panl10aPeter Pan 4aLiteratura infanto-juvenil em inglês cMU 00104070a88.1b88.1d2023-11-21l0o028.573 PETp97/ITAr2023-11-21 20:02:48w2023-11-21yMU c68569d68569